[Event "15th Deltalift Open 2018"]
[Site "Halmstad"]
[Date "2018.05.12"]
[Round "8"]
[White "Karlsson, Roger"]
[Black "Brzezinski, Adam"]
[Result "0-1"]
[WhiteElo "1879"]
[BlackElo "2152"]
[Annotator "NA"]
[PlyCount "110"]
[EventDate "2018.??.??"]
[EventType "swiss"]
[EventCountry "SWE"]
[SourceTitle "playchess.com"]
[Source "ChessBase"]
[SourceQuality "1"]
[TimeControl "1800+12"]

1. e4 {[%emt 0:00:00]} e6 {[%emt 0:00:00]} 2. d4 {[%emt 0:00:00]} d5 {[%emt 0:00:00]} 3. exd5 {[%emt 0:00:00]} exd5 {[%emt 0:00:00]} 4. Nc3 {[%emt 0:00:00]} Nf6 {[%emt 0:00:00]} 5. Bd3 {[%emt 0:00:00]} Be7 {[%emt 0:00:00]} 6. Bf4 {[%emt 0:00:00] C01: French: Exchange Variation} O-O {[%emt 0:00:00]} 7. Nge2 {[%emt 0:00:00] LiveBook: 5 Games} Re8 {[%emt 0:00:00]} (7... Nc6 8. a3 a6 {½-½ (8) Pancevski,F (2494)-Nyzhnyk,I (2622) Chicago 2015}) 8. O-O {[%emt 0:00:00]} Nh5 $146 {[%emt 0:00:00]} ({Predecessor:} 8... a6 9. Ng3 Nc6 10. Be2 Be6 11. a3 Bf8 12. Qd2 g6 13. Rad1 b5 14. Na2 {0-1 (55) Vibbert,S (2350)-Tan,J (2469) Chicago 2016}) 9. Be5 {[%emt 0:00:00]} Nc6 {[%emt 0:00:00]} 10. Nf4 {[%emt 0:00:00]} (10. Nxd5 $5 Qxd5 11. Nc3 $14) 10... Nxf4 {[%emt 0:00:00]} 11. Bxf4 {[%emt 0:00:00]} Be6 {[%emt 0:00:00]} 12. Ne2 {[%emt 0:00:00]} Nb4 {[%emt 0:00:00]} 13. Bb5 {[%emt 0:00:00]} c6 {[%emt 0:00:00]} 14. Ba4 {[%emt 0:00:00]} Bf5 {[%emt 0:00:00]} 15. a3 {[%emt 0:00:00]} Na6 {[%emt 0:00:00]} 16. Ng3 {[%emt 0:00:00]} Bg6 {[%emt 0:00:00]} 17. c3 {[%emt 0:00:00]} Nc7 {[%emt 0:00:00]} 18. Bc2 {[%emt 0:00:00]} Ne6 {[%emt 0:00:00]} 19. Bd2 {[%emt 0:02:03]} Bd6 {[%emt 0:00:00]} 20. Bxg6 {[%emt 0:02:48]} hxg6 {[%emt 0:00:00]} 21. Qg4 {[%emt 0:01:16]} Qd7 {[%emt 0:00:00]} 22. Rae1 {[%emt 0:02:04]} Nf8 {[%emt 0:00:00]} 23. Qxd7 {[%emt 0:00:38]} Nxd7 {[%emt 0:00:00]} 24. f3 {[%emt 0:09:40]} Bxg3 {[%emt 0:00:00]} 25. hxg3 {[%emt 0:00:29]} b5 {[%emt 0:00:00]} 26. Rxe8+ {[%emt 0:01:54]} Rxe8 {[%emt 0:00:00]} 27. Kf2 {[%emt 0:00:00]} Nb6 {[%emt 0:00:00]} 28. Re1 {[%emt 0:00:44]} Rxe1 {[%emt 0:00:00]} 29. Kxe1 {[%emt 0:00:00]} a5 {[%emt 0:00:00]} 30. Ke2 {[%emt 0:02:09]} a4 {[%emt 0:00:00]} 31. Bc1 {[%emt 0:00:20]} f6 {[%emt 0:00:00]} 32. g4 {[%emt 0:02:44]} Kf7 {[%emt 0:00:00]} 33. g3 {[%emt 0:02:29]} Nc4 {[%emt 0:00:00]} 34. Kd3 {[%emt 0:01:25]} Ke6 {[%emt 0:00:00]} 35. Kc2 {[%emt 0:00:00]} g5 $15 {[%emt 0:00:00]} 36. b3 {[%emt 0:02:14]} Na5 {[%emt 0:00:00]} 37. bxa4 {[%emt 0:00:57]} bxa4 {[%emt 0:00:00]} 38. Kd3 {[%emt 0:00:29]} Nc4 {[%emt 0:00:00]} 39. f4 {[%emt 0:01:51]} f5 {[%emt 0:00:00]} 40. gxf5+ {[%emt 0:01:02]} Kxf5 {[%emt 0:00:00]} 41. fxg5 {[%emt 0:00:00]} g6 {[%emt 0:00:00]} 42. Ke2 {[%emt 0:00:00]} Ke4 {[%emt 0:00:00]} 43. g4 {[%emt 0:00:00]} Nd6 {[%emt 0:00:00]} 44. Kd2 {[%emt 0:00:00]} Kf3 {[%emt 0:00:00]} 45. Kd3 {[%emt 0:00:00]} Nc4 {[%emt 0:00:00]} 46. Kc2 {[%emt 0:00:00]} Ke2 {[%emt 0:00:00]} 47. Bf4 {[%emt 0:00:00]} Ne3+ {[%emt 0:00:00]} 48. Kb2 {[%emt 0:00:00]} Kd3 {[%emt 0:00:00]} 49. Kc1 {[%emt 0:01:48]} Nc4 {[%emt 0:00:00]} 50. Bc7 {[%emt 0:00:20]} Kxc3 {[%emt 0:00:00]} 51. Be5 {[%emt 0:00:13]} Nxa3 {[%emt 0:00:00]} 52. Bd6 {[%emt 0:00:10]} Nb5 {[%emt 0:00:00]} 53. Bc5 {[%emt 0:00:13]} Nxd4 {[%emt 0:00:00]} 54. Kb1 {[%emt 0:00:02]} Ne2 {[%emt 0:00:00]} 55. Ka1 {[%emt 0:00:20]} d4 {[%emt 0:00:00]} 0-1